|
|
|
|
| LEADER |
00632nta a2200193 i 4500 |
| 001 |
dokt9079 |
| 005 |
20240402135435.0 |
| 008 |
240402s1946 hu om 0|| hun d |
| 040 |
|
|
|a SZTE Doktori Repozitórium
|b hun
|
| 041 |
|
|
|a hun
|
| 100 |
1 |
|
|a Jakab István
|
| 245 |
1 |
0 |
|a Mohács közigazgatása a XVIII. században
|h [elektronikus dokumentum] /
|c Jakab István
|
| 260 |
|
|
|c 1946
|
| 502 |
|
|
|a Disszertacio
|
| 650 |
|
4 |
|a állam- és jogtudományok
|
| 650 |
|
4 |
|a Jogtudomány
|
| 695 |
|
|
|a Államigazgatás
|
| 700 |
0 |
1 |
|a nincs megadva
|e ths
|
| 856 |
4 |
0 |
|u https://doktori.bibl.u-szeged.hu/id/eprint/9079/1/1946_jakab_istvan.pdf
|z Dokumentum-elérés
|